Luz de luna- PNL - Statistiques

Statistiques générales
  • Ce quiz a été pris 493 fois
  • Le résultat moyen est 323 sur 487
Statistiques - réponses
Paroles % Correct
E
98%
va
98%
Ca
97%
ca
97%
ca,
97%
comme
97%
Comme
97%
J'ai
96%
j'ai
96%
le
96%
les
96%
Les
96%
Tarik
95%
tu
95%
Tu
95%
jours
94%
jours,
94%
à
93%
A
93%
faut
93%
tous
93%
je
92%
Je
92%
ma
92%
ou
90%
comment
89%
l'démon
89%
Ouais,
89%
Ouais
89%
ouais,
89%
T'es
89%
t'es
89%
bien
88%
dans
88%
de
88%
que
87%
tempérer
87%
J'suis
86%
j'suis
86%
entouré,
85%
quand
85%
sa
85%
sérieux ?
85%
sérieux
85%
vie
85%
Et
84%
et
84%
Et,
84%
j'étais
84%
J'me
84%
là ?
84%
la
84%
vas ?
84%
mais
83%
pas
83%
pas,
83%
Pas
83%
reins
83%
bite
82%
82%
Hé,
82%
personne,
82%
donnerai
81%
eux
81%
pour
81%
j'men
80%
J'vois
80%
rappelle,
80%
rappelle
80%
QLF,
79%
ai
77%
chaque
76%
eh
76%
plus
76%
Plus
76%
solo
76%
année,
75%
bats
75%
j'donnerai
75%
l'trou,
75%
sais,
75%
sais
75%
me
74%
qu't'es
74%
qu'tes
74%
trimé,
73%
c'est
72%
fou
71%
j'leurs
70%
psy
70%
toi,
70%
toi
70%
triste,
70%
triste
70%
j'en
69%
J'en
69%
l'amour ?
68%
heureux
66%
rien,
65%
vraiment
65%
bah
64%
d'euros
64%
donc
64%
moi
64%
Salut,
64%
salut,
64%
salut
64%
vallée,
64%
vallée
64%
biensur
63%
dalle,
63%
dalle
63%
m'fais
63%
sur
63%
Sur
63%
tranquille
63%
2,
62%
mif
62%
t'as
62%
j'ferai
61%
Dieu,
60%
m'rend
60%
mon
59%
n'a
59%
qui ?
58%
qui
58%
bête
57%
d'eux
57%
scène,
57%
scène
57%
une
57%
Des
56%
des
56%
foire
56%
l'impression
56%
besoin
55%
d'être
55%
envie
55%
temps
55%
Il
54%
J'monte
54%
mira,
54%
mira
54%
-pelle
54%
voir
54%
mère
53%
j'rigole
52%
Sans
52%
mort
51%
parler,
51%
trop
51%
bon,
50%
fier
50%
Hein,
50%
saignes ?
50%
d'te
48%
non
48%
jamais
46%
j'serais
46%
qu'ca
46%
qu'elle
46%
sache
46%
Avant
45%
d'ces
45%
d'ce-vi
45%
J'saigne
45%
T'facon
45%
06
44%
serait
44%
effets
43%
épreuves
43%
premier
43%
avec
42%
Avec
42%
crise
42%
grandisses
42%
moche,
42%
Naha,
42%
poches,
42%
rafale
42%
secondaires
42%
tire
42%
cœur
41%
qu'tu
41%
c'était
40%
meilleurs
40%
moins
40%
pires
40%
-fale
39%
j'l'oublierai
39%
mes
39%
T'inquiètes
39%
l'temps
38%
peine
38%
ailes
37%
d'la
37%
ken,
37%
démons
36%
d'mon
36%
j'roule
36%
Or
36%
or
36%
t'attendent
36%
3
35%
gris,
35%
jaune,
35%
leurs
35%
Charbon,
34%
harkis
34%
laissent
34%
regardes
34%
j'ressors
33%
kiffent
33%
Tant
33%
remplis
31%
elles
30%
d'couleur
29%
dédicace
29%
rose,
29%
veulent
29%
Cartier
28%
fouillent
28%
J'y
27%
Keutchi
26%
l'espace
26%
L'oseille
26%
mettrai
25%
shooters
25%
d'aimer
24%
ient-cli,
24%
parlu
24%
parlu,
24%
s'enlisent
24%
Fleury
21%
qu'j'le
21%
premier 22
20%
d'honneur
18%
qu'en
8%
zone B
8%
Aucun quiz correspondant
Distribution des résultats
% des personnes avec chaque résultat
Percentile par nombre de réponses
Votre historique - résultats
Vous n’avez pas pris ce quiz